| 000 | 00542nam a22002057a 4500 | ||
|---|---|---|---|
| 005 | 20240610070715.0 | ||
| 008 | 240610b |||||||| |||| 00| 0 eng d | ||
| 082 |
_222 _a348 _bSOC |
||
| 100 | _aPatel, Rashida | ||
| 245 |
_aSocio-Economic Political Status and Women and Law in Pakistan _cRashida, Patel |
||
| 260 |
_aKarachi _bFaiza Publishers _c1991 |
||
| 300 | _aiii, 270 p ., | ||
| 650 | _aWoman | ||
| 650 | _apolitical | ||
| 650 | _aSocial | ||
| 650 | _aEconomic | ||
| 650 | _aLaws | ||
| 650 | _aMuslim Laws of Marriage | ||
| 942 | _cL | ||
| 999 |
_c5888 _d5888 |
||